| 000 | 00998nmc a2200361 a 4500 | ||
|---|---|---|---|
| 003 | AR-BaBNM | ||
| 005 | 20251128202733.0 | ||
| 008 | 157019s1992 ||||||||||||||000 | spa|| | ||
| 020 | _a84-7100-277-9 | ||
| 040 | _cAR-BaBNM | ||
| 100 | 1 | _aRivera Novo, Belén | |
| 245 | 1 | 0 | _aCuatro siglos de cartografía en América |
| 250 | _a1ª ed. | ||
| 260 |
_aMadrid _bMapfre _c1992 |
||
| 300 |
_a268 p. _bil.,láms., mapas |
||
| 490 | 0 |
_aMar y américa _vv. 16 |
|
| 504 | _aBibliografía para consultar p. 249-254. | ||
| 650 | 4 | _aNAVEGACION MARITIMA | |
| 650 | 4 | _aINSTRUMENTOS DE NAVEGACION | |
| 650 | 4 | _aHISTORIA POLITICA | |
| 650 | 4 | _aHISTORIA MILITAR | |
| 650 | 4 | _aMARES | |
| 650 | 4 | _aBUQUES | |
| 650 | 4 | _aCARTOGRAFIA | |
| 650 | 4 | _aCARTAS MARINAS | |
| 651 | 4 | _aEspaña | |
| 651 | 4 | _aAmérica Latina | |
| 700 | 1 | _aMartín-Merás, Luisa | |
| 800 | 1 |
_aGallego, José Andrés _ecoordinador |
|
| 800 | 1 |
_aBordejé Morencós, Fernando de _edirector |
|
| 942 | _cBK | ||
| 998 | _cmariana | ||
| 999 |
_c331 _d331 |
||